1153 1815 1076 1607 1001 1562 1828 1511 1031 1611 1136 1504 1802 1260 1046 1131 1504 1390 1336 1394 1234 1868 1693 1635 1763 1748 1217 1597 1335 1622 1721 1582 1700 1805 1970 1374 1154 1264 1620 1571 1144 1282 1569 1381 1736 1286 1757 1681 1840 1492 1684 1011 1108 1685 1174 1111 1575 1681 1272 1048 1064 1465 1202 1276 1633 1851 1635 1155 1138 1472 1096 1632 1976 1815 1374 1257 1197 1258 1870 1441 1304 1819 1153 1683 1815 1605 1737 1582 1549 1962 1259 1361 1942 1855 1154 1312 1587 1398 1105 BCNSPRNW ULIB Ver.6.0+V

เปลี่ยนเป็นภาษาไทย

Change to English
 แสดงรายละเอียดบรรณานุกรม
  กลับหน้าหลัก

Brief Record : Get Marc (ISO 2709) : E-mail record : QR code < ปิดหน้าต่าง
LEADER : 00000nam 2200000uu 4500
001    13399127975
003     ULIB
008    211124s2563||||th 000 0 tha d
020 ^a ^a9786165723305
050 4  ^aHA32^bช418ก
100  ^ aชูศักดิ์ จรูญสวัสดิ์.
245 0  ^aการวิเคราะห์ข้อมูลและการใช้สถิติในงานวิจัย / ^cชูศักดิ์ จรูญสวัสดิ์.
250 ^a ^aพิมพ์ครั้งที่ 2 (ฉบับปรับปรุงใหม่)
260 ^a ^aปทุมธานี : ^bบริษัท คิสุกะ (ประเทศไทย) จำกัด,^c2563.
300 ^a ^a558 หน้า : ^bภาพประกอบ ; ^c24 ซม.
630 4  ^aเอสพีเอสเอส (โปรแกรมคอมพิวเตอร์)
650 4  ^aสถิติ^xการประมวลผลข้อมูล.
650 4  ^aวิจัย^xการประมวลผลข้อมูล.
945    ^p390^l0^i29137
945    ^p390^l0^i29138
945    ^p390^l0^i29139
945    ^p390^l0^i29140
945    ^p390^l0^i29141
999    ^aกัณชพร จุลอักษร
รายการนี้ยังไม่มีแท็ก
คุณยังไม่ได้ล็อกอิน คุณสามารถมีกิจกรรมร่วมกับเว็บไซต์ได้ แต่ต้องล็อกอินก่อน ::
  ล็อกอิน

รายการสื่อสารสนเทศ

ลำดับที่ ประเภท เลขเรียก/บาร์โค้ด สถานที่ สถานะ
1. หนังสือสำรอง
หนังสือสำรอง
HA32 ช418ก ฉ.1 
  Barcode: 29137
ห้องสมุดวิทยาเขตนครสวรรค์
►หนังสือทั่วไป:l:General Books
บนชั้น
2. วิทยาศาสตร์การแพทย์ และสุขภาพ
วิทยาศาสตร์การแพทย์ และสุขภาพ
HA32 ช418ก ฉ.2 
  Barcode: 29138
ห้องสมุดวิทยาเขตนครสวรรค์
►หนังสือทั่วไป:l:General Books
บนชั้น
3. วิทยาศาสตร์การแพทย์ และสุขภาพ
วิทยาศาสตร์การแพทย์ และสุขภาพ
HA32 ช418ก ฉ.3 
  Barcode: 29139
ห้องสมุดวิทยาเขตนครสวรรค์
►หนังสือทั่วไป:l:General Books
บนชั้น
4. วิทยาศาสตร์การแพทย์ และสุขภาพ
วิทยาศาสตร์การแพทย์ และสุขภาพ
HA32 ช418ก ฉ.4 
  Barcode: 29140
ห้องสมุดวิทยาเขตนครสวรรค์
►หนังสือทั่วไป:l:General Books
บนชั้น
5. วิทยาศาสตร์การแพทย์ และสุขภาพ
วิทยาศาสตร์การแพทย์ และสุขภาพ
HA32 ช418ก ฉ.5 
  Barcode: 29141
ห้องสมุดวิทยาเขตนครสวรรค์
►หนังสือทั่วไป:l:General Books
บนชั้น

BibComment


ยังไม่เคยถูกคอมเมนท์

คอมเมนท์ทรัพยากรรายการนี้
  คอมเมนท์: การวิเคราะห์ข้อม..


 Copyright 2026. Bcnsprnw @Library